ბათუმის შოთა რუსთაველის სახელმწიფო უნივერსიტეტის ბიბლიოთეკა

აჭარის პოლიტიკური და ეკონომიკური ისტორია (1921-1940) : (ბიბ.ჩანაწერი № 40576)

000 -ლიდერი
ფიქსირებული სიგრძის საკონტროლო ველი 01532nam a2200313Ia 4500
001 - საკონტროლო ნომერი
საკონტროლო ველი 7201
003 - საკონტროლო ნომრის იდენტიფიკატორი
საკონტროლო ველი GE_BSU
005 - ბოლო ოპერაციის თარიღი და დრო
საკონტროლო ველი 20191216105928.0
008 - ფიქსირებული სიგრძის მონაცემთა ელემენტები - ზოგადი ინფორმაცია
ფიქსირებული სიგრძის საკონტროლო ველი 181216s2012||||ge |||||||||||||| ||geo||
020 ## - წიგნის საერთაშორისო სტანდარტული ნომერი
International Standard Book Number 9994021574
040 ## - კატალოგიზაციის წყარო
Transcribing agency GE_BSU
041 ## - ენის კოდი
Language code of text/sound track or separate title geo
080 ## - უნივერსალური ათობითი კლასიფიკაციის ინდექსი
Universal Decimal Classification number 94(479.223)+32+330 თ-86
100 ## - მთავარი ჩანაწერი - პიროვნების სახელი
Personal name თურმანიძე, ოთარ
9 (RLIN) 3946
245 ## - ცნობა სათაურის შესახებ
Title აჭარის პოლიტიკური და ეკონომიკური ისტორია (1921-1940) :
Remainder of title მონოგრაფია /
Statement of responsibility, etc ოთარ თურმანიძე ; რედ. ავთანდილ სონღულაშვილი.
264 ## - წარმოების, გამოცემის, დისტრიბუციის და სხვა ცნობები
გამოცემის, წარმოების, დისტრიბუციის... ადგილი ბათუმი.
გამოცემის, წარმოების, დისტრიბუციის... სახელწოდება ს.ს. "გამომცემლობა აჭარა",
გამოცემის, წარმოების, დისტრიბუციის... თარიღი 2012.
300 ## - ფიზიკური აღწერა
Extent 412 გვ.;
Other physical details 20 სმ.
500 ## - ზოგადი შენიშვნა
General note თავფურ. მე-3 გვ. რუს.
501 ## - შენიშვნა თანმხლებ მასალაზე
With note შემოკლებათა განმარტებანი: გვ. 413.
504 ## - BIBLIOGRAPHY, ETC. NOTE
Bibliography, etc ბიბლიოგრ. ტექსტის შენიშვნებში.
520 ## - SUMMARY, ETC.
Summary, etc რეზ. რუს. და ინგლ.
653 ## - INDEX TERM--UNCONTROLLED
Uncontrolled term პოლიტიკური ისტორია აჭარაში
653 ## - INDEX TERM--UNCONTROLLED
Uncontrolled term ეკონომიკური ისტორია აჭარაში
653 ## - INDEX TERM--UNCONTROLLED
Uncontrolled term პოლიტიკა
653 ## - INDEX TERM--UNCONTROLLED
Uncontrolled term ეკონომიკა
700 ## - ADDED ENTRY--PERSONAL NAME
Personal name სონღულაშვილი, ა.
Relator term რედაქტორი
9 (RLIN) 5799
942 ## - ADDED ENTRY ELEMENTS (KOHA)
Koha item type წიგნი
Source of classification or shelving scheme
ეგზემპლარები
ჩამოწერის სტატუსი დაკარგული ეგზემპლარის სტატუსი კლასიფიკაციის წყარო ან თაროზე გაწყობის სქემა დაზიანების სტატუსი არ გაიცემა მუდმივი მდებარეობა (დაცვის ადგილი) ამჟამინდელი ადგილსამყოფელი თაროზე განთავსების ადგილი შეძენის თარიღი ღირებულება, შესყიდვის ნორმალური ფასი სრული შენახვის შიფრი შტრიხკოდი ბოლო ოპერაციის თარიღი ეგზემპლარის მიმდევრობითი ნომერი (კეტერი?) ფასის ძალაში შესვლის თარიღი ეგზემპლარის სახეობა საჯარო შენიშვნა
          ბათუმის შოთა რუსთაველის სახელმწიფო უნივერსიტეტის მთავარი ბიბლიოთეკა ბათუმის შოთა რუსთაველის სახელმწიფო უნივერსიტეტის მთავარი ბიბლიოთეკა წიგნსაცავი 2018-12-17 26.00 94(479.223)+32+330 თ-86 22925 2018-12-17 22925 2018-12-17 წიგნი 26 ლ.
          ბათუმის შოთა რუსთაველის სახელმწიფო უნივერსიტეტის მთავარი ბიბლიოთეკა ბათუმის შოთა რუსთაველის სახელმწიფო უნივერსიტეტის მთავარი ბიბლიოთეკა წიგნსაცავი 2018-12-17 26.00 94(479.223)+32+330 თ-86 22926 2018-12-17 22926 2018-12-17 წიგნი 26 ლ.
          ბათუმის შოთა რუსთაველის სახელმწიფო უნივერსიტეტის მთავარი ბიბლიოთეკა ბათუმის შოთა რუსთაველის სახელმწიფო უნივერსიტეტის მთავარი ბიბლიოთეკა წიგნსაცავი 2018-12-17 26.00 94(479.223)+32+330 თ-86 22927 2018-12-17 22927 2018-12-17 წიგნი 26 ლ.
          ბათუმის შოთა რუსთაველის სახელმწიფო უნივერსიტეტის მთავარი ბიბლიოთეკა ბათუმის შოთა რუსთაველის სახელმწიფო უნივერსიტეტის მთავარი ბიბლიოთეკა წიგნსაცავი 2018-12-17 26.00 94(479.223)+32+330 თ-86 22928 2018-12-17 22928 2018-12-17 წიგნი 26 ლ.
          ბათუმის შოთა რუსთაველის სახელმწიფო უნივერსიტეტის მთავარი ბიბლიოთეკა ბათუმის შოთა რუსთაველის სახელმწიფო უნივერსიტეტის მთავარი ბიბლიოთეკა წიგნსაცავი 2018-12-17 26.00 94(479.223)+32+330 თ-86 22929 2018-12-17 22929 2018-12-17 წიგნი 26 ლ.
          ბათუმის შოთა რუსთაველის სახელმწიფო უნივერსიტეტის მთავარი ბიბლიოთეკა ბათუმის შოთა რუსთაველის სახელმწიფო უნივერსიტეტის მთავარი ბიბლიოთეკა წიგნსაცავი 2019-12-16   94(479.223)+32+330 თ-87 7058 2019-12-16 7058 2019-12-16 წიგნი